| 000 | 01054nas a2200349 4500 | ||
|---|---|---|---|
| 001 | BR2010002362 | ||
| 003 | BR-BrBNA | ||
| 005 | 20231205114830.0 | ||
| 007 | ta | ||
| 008 | 230509b bl.|||p| |||| 00| 00por d | ||
| 040 |
_aBR-BrBNA _bpor _cBiblioteca Nacional de Agricultura |
||
| 041 | _a(Pt) | ||
| 072 | _aF01; Q02; Q04 | ||
| 100 | 1 | _aMamede, A.M.G.N. | |
| 100 | 1 | _aChitarra, A.B. | |
| 100 | 1 | _aFonseca, M.J. de O. | |
| 100 | 1 | _aSoares, A.G. | |
| 100 | 1 | _aFerreira, J.C.S. | |
| 100 | 1 | _aLima, L.C. de O. | |
| 245 | 1 | _aConservação pós-colheita de espigas de milho verde minimamente processado sob diferentes temperaturas | |
| 650 | _aPRODUÇÃO AGRÍCOLA | ||
| 650 | _aMILHO VERDE | ||
| 650 | _aZEA MAIZ | ||
| 650 | _aPÓS-COLHEITA | ||
| 650 | _aCONSERVAÇÃO | ||
| 650 | _aREFRIGERAÇÃO | ||
| 650 | _aGLICOSE | ||
| 650 | _aFRUTOSE | ||
| 773 | 0 |
_tCiência e Agrotecnologia (Brazil) _xISSN 1413-7054 _g(Jan-Feb 2009), v. 33(1); p. 200-206 _wBR2010002362 |
|
| 909 |
_a202311 _bLúcia _c55 _dLúcia Elande |
||
| 942 |
_2AGRIS _n0 _cANA |
||
| 999 |
_c210722 _d210722 |
||